[Event "AUTO-OPEN-908"]
[Site "http://www.queenalice.com/game.php?id=307120"]
[Date "2007.11.20"]
[Round "1"]
[White "chiknya"]
[Black "Etesvaldo"]
[Result "1-0"]
[WhiteElo "1520"]
[BlackElo "1345"]

1. d4 Nf6 2. Nf3 g6 3. e3 Bg7 4. Be2 O-O 5. Nbd2 d6 6. O-O Nbd7 7. c4 e5 8. b3
Re8 9. Bb2 e4 10. Ne1 c6 11. d5 Nc5 12. Nc2 cxd5 13. cxd5 b6 14. Bxf6 Qxf6 15.
Nc4 b5 16. Na5 Bd7 17. Nc6 Qg5 18. Rb1 1-0

[Event "AUTO-OPEN-908"]
[Site "http://www.queenalice.com/game.php?id=307121"]
[Date "2007.11.20"]
[Round "1"]
[White "Etesvaldo"]
[Black "chiknya"]
[Result "0-1"]
[WhiteElo "1375"]
[BlackElo "1509"]

1. d4 b6 2. c4 Bb7 3. Nc3 Nf6 4. f3 d5 5. cxd5 Nxd5 6. e4 Nxc3 7. bxc3 e6 8.
Bb5+ c6 9. Bc4 b5 10. Bd3 Nd7 11. Bf4 g5 12. Be3 Bg7 13. Ne2 Nb6 14. Qb3 a5 15.
Rb1 Nd7 16. a4 Rb8 17. axb5 O-O 18. Qa4 cxb5 0-1

[Event "AUTO-OPEN-917"]
[Site "http://www.queenalice.com/game.php?id=311096"]
[Date "2007.11.27"]
[Round "1"]
[White "Etesvaldo"]
[Black "JCOELHO"]
[Result "0-1"]
[WhiteElo "1518"]
[BlackElo "1582"]

1. d4 g6 2. c4 Bg7 3. Nc3 Nf6 4. e4 O-O 5. g3 Nc6 6. d5 Nb4 7. Bg2 e5 8. Nge2 d6
9. O-O Bg4 10. f3 Bd7 11. Be3 a5 12. c5 a4 13. a3 Na6 14. cxd6 cxd6 15. Nxa4 Qa5
16. Nb6 Rab8 17. b4 Qb5 18. Nc3 Qxf1+ 0-1

[Event "AUTO-OPEN-917"]
[Site "http://www.queenalice.com/game.php?id=311097"]
[Date "2007.11.27"]
[Round "1"]
[White "JCOELHO"]
[Black "Etesvaldo"]
[Result "1-0"]
[WhiteElo "1595"]
[BlackElo "1462"]

1. e4 c5 2. Nf3 Nf6 3. Bc4 Nxe4 4. d4 d5 5. Bb5+ Bd7 6. Bd3 Nc6 7. dxc5 Nxc5 8.
O-O Nxd3 9. cxd3 e6 10. Nc3 Bb4 11. Bf4 O-O 12. Nb5 Rc8 13. a3 Be7 14. b4 a6 15.
Nc7 Rxc7 16. Bxc7 Qxc7 17. h4 Ne5 18. Rc1 1-0

[Event "AUTO-OPEN-917"]
[Site "http://www.queenalice.com/game.php?id=311098"]
[Date "2007.11.27"]
[Round "1"]
[White "Etesvaldo"]
[Black "technicaldraw"]
[Result "0-1"]
[WhiteElo "1527"]
[BlackElo "1902"]

1. d4 Nf6 2. c4 e6 3. Nc3 Bb4 4. Qc2 O-O 5. a3 Bxc3+ 6. Qxc3 b6 7. f3 d5 8. Bg5
Bb7 9. e3 Nbd7 10. Nh3 Rc8 11. Nf2 c5 12. Qd2 cxd4 13. Qxd4 e5 14. Qh4 h6 15.
Bxf6 Nxf6 16. cxd5 Qxd5 17. Bd3 Qb3 0-1

[Event "AUTO-OPEN-917"]
[Site "http://www.queenalice.com/game.php?id=311099"]
[Date "2007.11.27"]
[Round "1"]
[White "technicaldraw"]
[Black "Etesvaldo"]
[Result "1-0"]
[WhiteElo "1904"]
[BlackElo "1521"]

1. e4 c5 2. Nf3 Nf6 3. e5 Nd5 4. Nc3 Nxc3 5. dxc3 Nc6 6. Bc4 Qc7 7. Bf4 e6 8.
Qd2 Be7 9. h4 b6 10. O-O-O Bb7 11. Rhe1 O-O-O 12. Ng5 Rdf8 13. Ne4 Na5 14. Nd6+
Bxd6 15. exd6 Qd8 16. Bf1 Qxh4 17. Bg3 1-0

[Event "Challenge"]
[Site "http://www.queenalice.com/game.php?id=314504"]
[Date "2007.12.4"]
[Round "-"]
[White "Etesvaldo"]
[Black "dani29rock"]
[Result "0-1"]
[WhiteElo "1424"]
[BlackElo "1432"]

1. d4 d5 2. c4 dxc4 3. e4 g6 4. Bxc4 Nf6 5. Nc3 Bg7 6. e5 Ng4 7. h3 Nh6 8. Nf3
e6 9. O-O O-O 10. Bg5 f6 11. exf6 Bxf6 12. Bxh6 Rf7 0-1

[Event "Challenge"]
[Site "http://www.queenalice.com/game.php?id=314510"]
[Date "2007.12.4"]
[Round "-"]
[White "Etesvaldo"]
[Black "g14"]
[Result "1-0"]
[WhiteElo "1372"]
[BlackElo "936"]

1. d4 Na6 2. e4 Nb4 3. c4 Nh6 4. Nc3 e6 5. g3 c6 6. Bg2 b6 7. Nge2 Ng4 8. h3 Nf6
9. O-O Nh5 10. e5 Ba6 11. a3 1-0

[Event "AUTO-OPEN-1032"]
[Site "http://www.queenalice.com/game.php?id=361595"]
[Date "2008.2.26"]
[Round "1"]
[White "J_Ricardo"]
[Black "Etesvaldo"]
[Result "1-0"]
[WhiteElo "1608"]
[BlackElo "1372"]

1. e4 e5 2. Nf3 Nf6 3. Nc3 Nc6 4. a3 Bc5 5. Bc4 d6 6. Ng5 O-O 7. d3 h6 8. Bxf7+
Kh8 9. Ne6 Bxe6 10. Bxe6 Bxf2+ 11. Kxf2 Nxe4+ 12. Ke3 Qg5+ 13. Ke2 1-0

[Event "AUTO-OPEN-1032"]
[Site "http://www.queenalice.com/game.php?id=361596"]
[Date "2008.2.26"]
[Round "1"]
[White "Etesvaldo"]
[Black "J_Ricardo"]
[Result "0-1"]
[WhiteElo "1365"]
[BlackElo "1623"]

1. e4 e5 2. Nf3 Nc6 3. d4 exd4 4. Nxd4 Nxd4 5. Qxd4 d6 6. Bc4 Qe7 7. Nc3 Nf6 8.
Bf4 c5 9. Qd3 a6 10. O-O h6 11. Rfe1 b5 12. Bd5 c4 0-1

[Event "AUTO-OPEN-1032"]
[Site "http://www.queenalice.com/game.php?id=361619"]
[Date "2008.2.26"]
[Round "1"]
[White "Etesvaldo"]
[Black "rubenov"]
[Result "1-0"]
[WhiteElo "1412"]
[BlackElo "1972"]

1. d4 d5 2. Nf3 h6 3. c4 Nf6 4. cxd5 Qxd5 5. Nc3 Qa5 6. Bd2 Qb6 7. e4 Bg4 8. e5
Nfd7 9. Rc1 e6 10. Na4 Bxf3 11. Nxb6 Bxd1 12. Nxa8 1-0

[Event "AUTO-OPEN-1032"]
[Site "http://www.queenalice.com/game.php?id=361620"]
[Date "2008.2.26"]
[Round "1"]
[White "rubenov"]
[Black "Etesvaldo"]
[Result "0-1"]
[WhiteElo "1972"]
[BlackElo "1412"]

1. d4 d5 2. Bg5 c5 3. Nf3 Nc6 4. e3 f6 5. Bh4 Bg4 6. Be2 Nh6 7. c3 Nf5 8. Nbd2
g5 9. Bg3 h5 10. h3 Nxg3 11. hxg4 Nxh1 0-1

[Event "AUTO-INT-810"]
[Site "http://www.queenalice.com/game.php?id=361695"]
[Date "2008.2.26"]
[Round "1"]
[White "drpehrson"]
[Black "Etesvaldo"]
[Result "1-0"]
[WhiteElo "1695"]
[BlackElo "1376"]

1. c4 c5 2. g3 Nf6 3. e3 d5 4. cxd5 Nxd5 5. Bg2 Nb4 6. Bf1 Bf5 7. d4 Nc2+ 8. Ke2
Nxa1 9. Bg2 Qa5 10. Bd2 Qb5+ 11. Ke1 Nc2+ 12. Qxc2 1-0

[Event "AUTO-INT-810"]
[Site "http://www.queenalice.com/game.php?id=361696"]
[Date "2008.2.26"]
[Round "1"]
[White "Etesvaldo"]
[Black "drpehrson"]
[Result "0-1"]
[WhiteElo "1380"]
[BlackElo "1691"]

1. g3 c5 2. Bg2 g6 3. e4 Nc6 4. Ne2 Nd4 5. O-O e5 6. c3 Nxe2+ 7. Qxe2 d6 8. Rd1
a6 9. d4 cxd4 10. cxd4 exd4 11. Rxd4 Bg7 0-1